Investland - virtuálna simulácia ekonomiky na internete spoločná iniciatíva Infoveku a P-MAT-u nielen pre deti

Bibliographic Details
Main Author: Halák, Peter, 1973- (Author)
Format: Article
Language:Slovak
ISSN:1335-4620
Subjects:

MARC

LEADER 00000nab a2200000 a 4500
001 vtls000838761
003 SK-MaSNL
005 20260303101655.0
008 180206c2002 xo 0 slo
015 |a SNBRB2003/07-19041 
035 |a CLN000190416 
040 |a SNKBUCL  |b slo  |c SNKBUCL  |e AACR2 
041 0 |a slo 
044 |a xo  |c SK 
080 |a 336.76:519.86  |2 UDC-MRF-SK2 
080 |a 519.86  |2 UDC-MRF-SK2 
100 1 |a Halák, Peter,  |d 1973-  |4 aut  |9 16867 
245 1 0 |a Investland - virtuálna simulácia ekonomiky na internete  |b spoločná iniciatíva Infoveku a P-MAT-u nielen pre deti  |c Peter Halák 
610 7 |a Investland (projekt)  |2 snkbucl  |9 593223 
650 0 7 |a trh kapitálový  |x investovanie  |x riadenie podnikové  |x simulácia  |2 snkbucl  |9 1113688 
650 0 7 |a investovanie virtuálne  |2 snkbucl  |9 1113689 
655 7 |a články z novín a časopisov  |2 snkbucl  |9 267496 
773 0 |x 1335-4620  |t Profit  |g Roč. [10], č. 46 (2002), s. 57 
850 |a Slovenská národná knižnica v Martine 
852 |a SNK  |b KIS3GCP 
958 |a RBX 
999 |c 1839655  |d 1841585